[Event "FIDE-Wch k.o. (Women)"]
[Site "Elista RUS"]
[Date "2004.05.23"]
[Round "1.2"]
[White "Peptan, Corina-Isabela"]
[Black "Goletiani, Rusudan"]
[Result "1/2-1/2"]
[WhiteElo "2439"]
[BlackElo "2352"]
[EventDate "2004.05.22"]
[PlyCount "74"]

1.e4 c5 2.Nf3 e6 3.d4 cxd4 4.Nxd4 a6 5.Bd3 Bc5 6.Nb3 Ba7 7.Qe2 Nc6 8.O-O 
d6 9.Be3 b5 10.a4 Bxe3 11.Qxe3 b4 12.N1d2 Nf6 13.Nc4 O-O 14.Rad1 Ng4 15.
Qg3 Nge5 16.f4 Nxc4 17.Bxc4 Na5 18.Bd3 Nxb3 19.cxb3 Bb7 20.f5 exf5 21.Rxf5
Qb6+ 22.Kh1 Qd4 23.Rdf1 Bxe4 24.Bxe4 Qxe4 25.Qxd6 a5 26.h3 Qe6 27.Qg3 Ra6 
28.Qd3 g6 29.Rd5 h5 30.Rd7 Rc6 31.Rd8 Rc5 32.Rd6 Qe5 33.Rd8 Rxd8 34.Qxd8+ 
Kg7 35.Qd7 Qd5 36.Rxf7+ Qxf7 37.Qd4+ Kh7 1/2-1/2

[Event "FIDE-Wch k.o. (Women)"]
[Site "Elista RUS"]
[Date "2004.05.22"]
[Round "1.1"]
[White "Peng Zhaoqin"]
[Black "Dworakowska, Joanna"]
[Result "1-0"]
[WhiteElo "2396"]
[BlackElo "2395"]
[EventDate "2004.05.22"]
[PlyCount "141"]

1.d4 Nf6 2.c4 g6 3.Nc3 Bg7 4.e4 d6 5.f3 O-O 6.Be3 e5 7.Nge2 Nbd7 8.Qd2 c6 
9.Rd1 Re8 10.d5 c5 11.g4 h5 12.g5 Nh7 13.h4 f6 14.Ng3 fxg5 15.hxg5 Rf8 16.
Be2 a6 17.Kf2 Nb6 18.Kg2 Bd7 19.Rdf1 Qe7 20.Bd3 Na4 21.Nxa4 Bxa4 22.Rh2 
Bd7 23.Rfh1 Rf4 24.Bxf4 exf4 25.Qxf4 Rf8 26.Qd2 Be5 27.Rh4 Bxg3 28.Kxg3 
Nxg5 29.f4 Nxe4+ 30.Bxe4 Qxe4 31.Re1 Qf5 32.Re7 g5 33.fxg5 Qf1 34.Qe3 Qf5 
35.Rxd7 Qxd7 36.Rxh5 Re8 37.Qf4 Re5 38.Qf6 Qg7 39.Qd8+ Kf7 40.Qd7+ Re7 41.
Qxd6 Re3+ 42.Kg4 Qd4+ 43.Qf4+ Kg7 44.Qxd4+ cxd4 45.Kf5 d3 46.Rh4 Rf3+ 47.
Ke6 Re3+ 48.Kd7 Kg6 49.c5 Kxg5 50.Rd4 Kf5 51.c6 Ke5 52.c7 Kxd4 53.c8=Q d2 
54.Qc2 Rd3 55.Qd1 Kxd5 56.Kc7 b5 57.Kb6 b4 58.Kxa6 Kc4 59.Ka5 Rd4 60.Ka4 
Kd3 61.Kb3 Rf4 62.Qh5 Ke3 63.Qd1 Kd3 64.a4 bxa3 65.bxa3 Rf8 66.Qc2+ Ke2 
67.Qe4+ Kd1 68.Qe5 Rf3+ 69.Kb2 Re3 70.Qh5+ Re2 71.Qg4 1-0

[Event "FIDE-Wch k.o. (Women)"]
[Site "Elista RUS"]
[Date "2004.05.23"]
[Round "1.2"]
[White "Dworakowska, Joanna"]
[Black "Peng Zhaoqin"]
[Result "1-0"]
[WhiteElo "2395"]
[BlackElo "2396"]
[EventDate "2004.05.22"]
[PlyCount "117"]

1.e4 c5 2.Nf3 Nc6 3.d4 cxd4 4.Nxd4 Qc7 5.Nc3 e6 6.Be3 a6 7.Qd2 Nf6 8.O-O-O
Bb4 9.f3 Na5 10.a3 Bxc3 11.Qxc3 Qxc3 12.bxc3 d5 13.Bf4 Bd7 14.Bc7 Nc6 15.
e5 Ng8 16.Bd3 Nge7 17.Kd2 Rc8 18.Bd6 Nxd4 19.cxd4 Nc6 20.Rb1 Na5 21.Rb6 
Bc6 22.Rhb1 f6 23.Bb4 Nc4+ 24.Bxc4 dxc4 25.Bd6 Kf7 26.Rxb7+ Bxb7 27.Rxb7+ 
Kg6 28.Kc3 Rc6 29.Re7 fxe5 30.Rxe6+ Kf7 31.Re7+ Kf6 32.dxe5+ Kg6 33.Rb7 h5
34.Kd4 h4 35.Kd5 Rcc8 36.Rb4 Rh5 37.f4 h3 38.g4 Rh4 39.f5+ Kh7 40.g5 Rf4 
41.f6 gxf6 42.gxf6 Rf2 43.Rb7+ Kg6 44.Ke6 Rxc2 45.Rg7+ Kh6 46.Rg3 Rxh2 47.
f7 Rf2 48.Rxh3+ Kg6 49.Rg3+ Kh7 50.Kd7 Ra8 51.e6 Ra7+ 52.Kc6 Raxf7 53.exf7
Rxf7 54.Kd5 Rb7 55.Kxc4 Rb1 56.Kc5 a5 57.Kc6 Kh6 58.Bf4+ Kh7 59.Bd2 1-0

[Event "FIDE-Wch k.o. (Women)"]
[Site "Elista RUS"]
[Date "2004.05.23"]
[Round "1.3"]
[White "Dworakowska, Joanna"]
[Black "Peng Zhaoqin"]
[Result "1-0"]
[WhiteElo "2395"]
[BlackElo "2396"]
[EventDate "2004.05.22"]
[PlyCount "105"]

1.e4 c5 2.Nf3 Nc6 3.d4 cxd4 4.Nxd4 Qc7 5.Nc3 e6 6.Be3 a6 7.Qd2 Nf6 8.O-O-O
Bb4 9.f3 Na5 10.a3 Bxc3 11.Qxc3 Qxc3 12.bxc3 d5 13.Bf4 Bd7 14.Bc7 Nc6 15.
e5 Ng8 16.Bd3 Nge7 17.Kd2 b5 18.f4 O-O 19.g4 Nc8 20.Rhe1 Ra7 21.Nxc6 Rxc7 
22.Nb8 Ra7 23.Nxd7 Rxd7 24.a4 Nb6 25.axb5 a5 26.Ra1 a4 27.Reb1 f6 28.exf6 
gxf6 29.Re1 Re8 30.g5 fxg5 31.Rg1 Rg7 32.fxg5 e5 33.Raf1 e4 34.Be2 Rf8 35.
Ke3 Rc7 36.Rxf8+ Kxf8 37.Kd4 Kg7 38.h4 Kg6 39.Rf1 Nd7 40.Bg4 Rc4+ 41.Kxd5 
Nb6+ 42.Ke5 e3 43.Rf6+ Kg7 44.Be2 Nd7+ 45.Ke6 Nc5+ 46.Kd5 Rxc3 47.h5 a3 
48.h6+ Kg8 49.Rc6 Na4 50.Ra6 Rxc2 51.Bh5 Kf8 52.Rxa4 a2 53.Ke6 1-0

[Event "FIDE-Wch k.o. (Women)"]
[Site "Elista RUS"]
[Date "2004.05.23"]
[Round "1.4"]
[White "Peng Zhaoqin"]
[Black "Dworakowska, Joanna"]
[Result "1-0"]
[WhiteElo "2396"]
[BlackElo "2395"]
[EventDate "2004.05.22"]
[PlyCount "53"]

1.d4 Nf6 2.c4 g6 3.Nc3 Bg7 4.e4 d6 5.f4 O-O 6.Nf3 c5 7.d5 a6 8.Bd3 b5 9.
O-O bxc4 10.Bxc4 Nbd7 11.e5 Ne8 12.Re1 Nb6 13.b3 a5 14.a4 Ba6 15.Qe2 Nc7 
16.Bb2 Qd7 17.Rad1 Bxc4 18.bxc4 Nxa4 19.Nxa4 Qxa4 20.f5 Rab8 21.Ba1 Rfe8 
22.e6 fxe6 23.fxg6 hxg6 24.Qe4 exd5 25.Qxg6 d4 26.Ng5 Qxc4 27.Rf1 1-0

[Event "FIDE-Wch k.o. (Women)"]
[Site "Elista RUS"]
[Date "2004.05.23"]
[Round "1.5"]
[White "Peng Zhaoqin"]
[Black "Dworakowska, Joanna"]
[Result "1/2-1/2"]
[WhiteElo "2396"]
[BlackElo "2395"]
[EventDate "2004.05.22"]
[PlyCount "105"]

1.d4 d6 2.Nf3 Nf6 3.c4 g6 4.Nc3 Bg7 5.e4 O-O 6.Be2 e5 7.Be3 Ng4 8.Bg5 f6 
9.Bh4 Nh6 10.O-O Nd7 11.Rc1 Nf7 12.b4 h5 13.h3 Bh6 14.Rc2 Bf4 15.dxe5 dxe5
16.c5 a5 17.a3 axb4 18.axb4 Kh7 19.Nd2 Nxc5 20.bxc5 Be6 21.Nc4 g5 22.Bg3 
h4 23.Bxf4 gxf4 24.Qxd8 Rfxd8 25.Nb5 Rac8 26.Bg4 Ng5 27.f3 Rd3 28.Na5 Bxg4
29.hxg4 h3 30.Nxb7 Kg6 31.c6 Rh8 32.Nc5 hxg2 33.Kxg2 Rdd8 34.Rh1 Rxh1 35.
Kxh1 Nxf3 36.Nxc7 Rh8+ 37.Kg2 Ne1+ 38.Kg1 Nxc2 39.Nd5 Nd4 40.c7 Nb5 41.
c8=Q Rxc8 42.Ne7+ Kg5 43.Nxc8 Kxg4 44.Kf2 Nc3 45.Nd6 Nd1+ 46.Ke2 Nc3+ 47.
Kf2 f3 48.Nd3 Nd1+ 49.Ke1 Ne3 50.Ne8 f5 51.Nxe5+ Kf4 52.Nxf3 Kxf3 53.exf5 
1/2-1/2

[Event "FIDE-Wch k.o. (Women)"]
[Site "Elista RUS"]
[Date "2004.05.23"]
[Round "1.6"]
[White "Dworakowska, Joanna"]
[Black "Peng Zhaoqin"]
[Result "1/2-1/2"]
[WhiteElo "2395"]
[BlackElo "2396"]
[EventDate "2004.05.22"]
[PlyCount "74"]

1.e4 e6 2.d4 d5 3.Nc3 Bb4 4.e5 c5 5.a3 Bxc3+ 6.bxc3 Qc7 7.Nf3 Ne7 8.h4 b6 
9.Bb5+ Bd7 10.Bd3 Ba4 11.Kf1 Nbc6 12.h5 h6 13.Rh4 c4 14.Be2 O-O-O 15.Be3 
Qd7 16.Qc1 Qe8 17.Rh3 Qg8 18.g3 Qh7 19.Ra2 Rdf8 20.Nh4 Nf5 21.Ng2 Kb7 22.
Bd2 Nfe7 23.Ne3 f6 24.exf6 Rxf6 25.Ng4 Rf7 26.Bf4 Rhf8 27.Bf3 Rxf4 28.gxf4
Qf5 29.Rh4 Kc7 30.Kg2 Qf7 31.Rh1 Nf5 32.Qd2 Qe7 33.Raa1 Nh4+ 34.Kg3 Nf5+ 
35.Kg2 Nh4+ 36.Kg3 Nf5+ 37.Kg2 Nh4+ 1/2-1/2

[Event "FIDE-Wch k.o. (Women)"]
[Site "Elista RUS"]
[Date "2004.05.23"]
[Round "1.7"]
[White "Dworakowska, Joanna"]
[Black "Peng Zhaoqin"]
[Result "0-1"]
[WhiteElo "2395"]
[BlackElo "2396"]
[EventDate "2004.05.22"]
[PlyCount "160"]

1.e4 e6 2.d4 d5 3.Nc3 Bb4 4.e5 c5 5.a3 Bxc3+ 6.bxc3 Qc7 7.Nf3 b6 8.Bb5+ 
Bd7 9.Bd3 Ba4 10.O-O c4 11.Be2 Ne7 12.g3 Nbc6 13.h4 h6 14.Ne1 O-O-O 15.Bf4
Qd7 16.Ng2 Qe8 17.Ne3 Na5 18.h5 Qg8 19.Qd2 Qh7 20.Rac1 Rd7 21.Bf3 Rc7 22.
Kg2 Rf8 23.Rh1 Nac6 24.Rcg1 Rd7 25.Kf1 Kb7 26.g4 f6 27.Rg3 fxe5 28.Bxe5 
Rf7 29.Ke2 Rd8 30.Bg2 Rdf8 31.Rf3 Rxf3 32.Bxf3 Qg8 33.Bg2 Nxe5 34.dxe5 Qf7
35.Rf1 Kc7 36.f4 Bc6 37.Qd4 Qe8 38.Kd2 Bd7 39.Kc1 Bc8 40.Nxc4 Nc6 41.Nd6 
Nxd4 42.Nxe8+ Rxe8 43.cxd4 Rf8 44.Rf2 Bd7 45.Bf1 Ba4 46.Bd3 Kd7 47.f5 Ke7 
48.Kd2 a5 49.Rf1 b5 50.Rb1 Rb8 51.Rf1 Rf8 52.Rg1 Rf7 53.Rb1 Rf8 54.fxe6 
Rf2+ 55.Ke3 Rg2 56.Kf3 Rd2 57.Bf5 Bxc2 58.Rxb5 Bxf5 59.gxf5 Rd3+ 60.Kf2 
Rxd4 61.Rb7+ Kf8 62.Rf7+ Ke8 63.f6 gxf6 64.exf6 Rf4+ 65.Kg3 Rf5 66.Kg4 Rf1
67.Re7+ Kf8 68.Rd7 Rxf6 69.Rxd5 Rxe6 70.Rxa5 Ke7 71.Kf5 Rc6 72.Ra7+ Kf8 
73.a4 Ke8 74.a5 Rd6 75.Rb7 Rd5+ 76.Kg6 Rxa5 77.Kxh6 Ra1 78.Kg6 Rg1+ 79.Kf6
Rh1 80.Kg6 Rg1+ 0-1

[Event "FIDE-Wch k.o. (Women)"]
[Site "Elista RUS"]
[Date "2004.05.22"]
[Round "1.1"]
[White "Kosintseva, Tatiana"]
[Black "Huang Qian"]
[Result "1-0"]
[WhiteElo "2451"]
[BlackElo "2339"]
[EventDate "2004.05.22"]
[PlyCount "141"]

1.e4 e6 2.d4 d5 3.Nc3 Nf6 4.e5 Nfd7 5.f4 c5 6.Nf3 Nc6 7.Ne2 Be7 8.c3 O-O 
9.g3 cxd4 10.Nexd4 Nc5 11.Bh3 Ne4 12.Be3 Bd7 13.O-O Bc5 14.Nd2 Nxd2 15.
Qxd2 Rc8 16.Nb3 Bxe3+ 17.Qxe3 b6 18.Rae1 Qe7 19.g4 Rce8 20.Nd4 Kh8 21.Bg2 
f6 22.exf6 Qxf6 23.Nxc6 Bxc6 24.Qe5 Bd7 25.Re3 Rc8 26.Qxf6 Rxf6 27.g5 Rf7 
28.Bh3 Re8 29.Kg2 g6 30.Kg3 Kg7 31.Bg4 e5 32.Ref3 Bxg4 33.Kxg4 e4 34.Re3 
Rf5 35.h4 h5+ 36.Kg3 Ref8 37.c4 Re8 38.cxd5 Rxd5 39.Rc1 Rd7 40.Rc4 Rde7 
41.Rd4 Kf7 42.Kf2 Rc8 43.Rc3 e3+ 44.Ke2 Rce8 45.Rd6 Re4 46.Rf6+ Kg7 47.
Rcc6 Rd8 48.Rxg6+ Kh7 49.Rh6+ Kg7 50.Rhg6+ Kh7 51.Rh6+ Kg7 52.Rc7+ Kg8 53.
Rg6+ Kh8 54.Rf6 Kg8 55.Rc2 Kg7 56.Kf3 Re7 57.Re2 Rd3 58.Rc6 Kf7 59.Rc3 
Rxc3 60.bxc3 Rd7 61.Kxe3 Rc7 62.Kd4 Rd7+ 63.Ke4 Re7+ 64.Kf3 Rc7 65.Re3 Rc4
66.Rd3 a5 67.f5 Rxh4 68.Rd7+ Ke8 69.Rb7 Rh3+ 70.Kf4 Rxc3 71.g6 1-0

[Event "FIDE-Wch k.o. (Women)"]
[Site "Elista RUS"]
[Date "2004.05.23"]
[Round "1.2"]
[White "Huang Qian"]
[Black "Kosintseva, Tatiana"]
[Result "1-0"]
[WhiteElo "2339"]
[BlackElo "2451"]
[EventDate "2004.05.22"]
[PlyCount "63"]

1.d4 f5 2.c4 Nf6 3.Nc3 g6 4.g3 Bg7 5.Bg2 O-O 6.Nf3 d6 7.O-O c6 8.Rb1 Qe8 
9.d5 Na6 10.b4 Bd7 11.dxc6 bxc6 12.a3 Nc7 13.Bb2 h6 14.c5 d5 15.Ne5 e6 16.
e3 Bc8 17.Ne2 Ba6 18.Nd4 Bxf1 19.Bxf1 g5 20.Ndxc6 Ng4 21.b5 Nxe5 22.Bxe5 
Rf7 23.Qd4 a6 24.a4 Bf8 25.Bd6 axb5 26.axb5 Bg7 27.Ne5 Bxe5 28.Qxe5 Qc8 
29.Qd4 Ne8 30.Be5 Kh7 31.b6 Ra5 32.Qb4 1-0

[Event "FIDE-Wch k.o. (Women)"]
[Site "Elista RUS"]
[Date "2004.05.23"]
[Round "1.3"]
[White "Kosintseva, Tatiana"]
[Black "Huang Qian"]
[Result "1/2-1/2"]
[WhiteElo "2451"]
[BlackElo "2339"]
[EventDate "2004.05.22"]
[PlyCount "99"]

1.e4 e6 2.d4 d5 3.Nc3 Nf6 4.e5 Nfd7 5.f4 c5 6.Nf3 Nc6 7.Ne2 Be7 8.c3 O-O 
9.a3 a5 10.g3 cxd4 11.Nexd4 Nc5 12.Be3 Bd7 13.Bg2 Rc8 14.O-O Nxd4 15.Nxd4 
Ba4 16.Qh5 g6 17.Qh6 Re8 18.g4 Bf8 19.Qh3 Nb3 20.Rae1 Nxd4 21.Bxd4 Bc5 22.
Bxc5 Rxc5 23.f5 Qe7 24.Rf4 Rc4 25.Rxc4 dxc4 26.f6 Qc5+ 27.Qe3 Qxe3+ 28.
Rxe3 b5 29.Re4 Rd8 30.Rd4 Rxd4 31.cxd4 b4 32.axb4 axb4 33.Kf2 Bd1 34.g5 c3
35.bxc3 b3 36.Ke1 b2 37.Be4 Bg4 38.Kd2 Bf5 39.Kc2 Bxe4+ 40.Kxb2 Kf8 41.Kb3
Ke8 42.Kb4 Kd7 43.Kc5 Kc7 44.c4 Kd7 45.d5 Bg2 46.Kd4 Bf3 47.Kc5 Bg2 48.h4 
Bf3 49.Kd4 Bg2 50.d6 1/2-1/2

[Event "FIDE-Wch k.o. (Women)"]
[Site "Elista RUS"]
[Date "2004.05.23"]
[Round "1.4"]
[White "Huang Qian"]
[Black "Kosintseva, Tatiana"]
[Result "0-1"]
[WhiteElo "2339"]
[BlackElo "2451"]
[EventDate "2004.05.22"]
[PlyCount "46"]

1.d4 Nf6 2.c4 e6 3.Nc3 Bb4 4.Qc2 O-O 5.Bg5 b6 6.a3 Bxc3+ 7.Qxc3 Ba6 8.Qc2 
d6 9.e3 Nbd7 10.Bd3 h6 11.Bh4 c5 12.Ne2 cxd4 13.exd4 Rc8 14.Qa4 Nb8 15.O-O
d5 16.Rac1 dxc4 17.Bxc4 Rxc4 18.Rxc4 b5 19.Qd1 bxc4 20.Nc3 Bb7 21.Re1 Nbd7
22.Qa4 Qc7 23.Bg3 Qc6 0-1

[Event "FIDE-Wch k.o. (Women)"]
[Site "Elista RUS"]
[Date "2004.05.22"]
[Round "1.1"]
[White "Shahade, Jennifer"]
[Black "Dzagnidze, Nana"]
[Result "0-1"]
[WhiteElo "2337"]
[BlackElo "2452"]
[EventDate "2004.05.22"]
[PlyCount "72"]

1.e4 c5 2.Nf3 d6 3.d4 cxd4 4.Nxd4 Nf6 5.Nc3 Nc6 6.Bg5 e6 7.Qd2 Be7 8.O-O-O
Nxd4 9.Qxd4 O-O 10.f3 a6 11.Kb1 Nxe4 12.Nxe4 Bxg5 13.Nxg5 Qxg5 14.f4 Qa5 
15.Qxd6 b5 16.Bd3 Bb7 17.Qe5 Rac8 18.h4 Bd5 19.b3 Qc3 20.Qe2 b4 21.f5 a5 
22.Rh3 Qf6 23.g4 exf5 24.Bxf5 Rcd8 25.Rhd3 Bb7 26.g5 Qb6 27.h5 Ba6 28.g6 
Bxd3 29.gxh7+ Kh8 30.Bxd3 Rde8 31.Qg2 Re5 32.Rf1 Rfe8 33.a4 bxa3 34.Ka2 
Qd4 35.Kxa3 Rxh5 36.Rxf7 Qa1# 0-1

[Event "FIDE-Wch k.o. (Women)"]
[Site "Elista RUS"]
[Date "2004.05.23"]
[Round "1.2"]
[White "Dzagnidze, Nana"]
[Black "Shahade, Jennifer"]
[Result "1/2-1/2"]
[WhiteElo "2452"]
[BlackElo "2337"]
[EventDate "2004.05.22"]
[PlyCount "70"]

1.d4 g6 2.c4 Nf6 3.Nc3 c5 4.d5 d6 5.e4 Bg7 6.Be2 O-O 7.Be3 Nbd7 8.Qd2 Qa5 
9.f3 a6 10.a3 Rb8 11.Nh3 b5 12.cxb5 axb5 13.O-O c4 14.Nf2 Nc5 15.Bxc5 dxc5
16.e5 Nd7 17.f4 Rd8 18.Qe3 Bb7 19.Bf3 Qb6 20.Rfd1 b4 21.Nce4 bxa3 22.bxa3 
Ba8 23.d6 exd6 24.Rxd6 Qb3 25.Qd2 c3 26.Qxc3 Qxc3 27.Nxc3 Bf8 28.Rdd1 Bxf3
29.gxf3 c4 30.Nfe4 Nc5 31.Rxd8 Rxd8 32.a4 Nxe4 33.Nxe4 Bb4 34.Rc1 Rd4 35.
Kf2 Bd2 1/2-1/2

[Event "FIDE-Wch k.o. (Women)"]
[Site "Elista RUS"]
[Date "2004.05.22"]
[Round "1.1"]
[White "Radziewicz, Iweta"]
[Black "Meenakshi, Subbaraman"]
[Result "1/2-1/2"]
[WhiteElo "2444"]
[BlackElo "2344"]
[EventDate "2004.05.22"]
[PlyCount "135"]

1.d4 Nf6 2.Nf3 d5 3.c4 g6 4.cxd5 Nxd5 5.e4 Nb6 6.Nc3 Bg7 7.h3 O-O 8.Be3 
N8d7 9.e5 e6 10.Qb3 h6 11.Be2 Nd5 12.Nxd5 exd5 13.O-O Nb6 14.Qc2 Be6 15.b3
Qe7 16.Rac1 Rfc8 17.Qd2 Kh7 18.Ne1 c5 19.Rxc5 Rxc5 20.dxc5 Nd7 21.Nd3 Nxe5
22.Nxe5 Bxe5 23.Bf3 Bg7 24.Bd4 Rc8 25.b4 Qh4 26.Bxg7 Kxg7 27.Rc1 Qg5 28.
Qxg5 hxg5 29.Kf1 Kf6 30.Ke2 Ke5 31.Kd3 Bf5+ 32.Kc3 d4+ 33.Kd2 Be4 34.Bxe4 
Kxe4 35.Re1+ Kd5 36.Re7 a5 37.b5 Rxc5 38.Rxb7 Kc4 39.a4 Kb4 40.b6 Kxa4 41.
Rc7 Rb5 42.b7 Kb3 43.Rc1 Kb2 44.Rc5 Rxb7 45.Rxa5 Kb1 46.Rxg5 Rb2+ 47.Kd3 
Rxf2 48.Kxd4 Kc2 49.Ke3 Rf6 50.Rd5 Re6+ 51.Kf4 Re2 52.g4 Rh2 53.Kg3 Rh1 
54.h4 Kc3 55.Rd7 f5 56.g5 Rg1+ 57.Kh3 Rh1+ 58.Kg3 Rg1+ 59.Kf3 Rg4 60.Rd6 
Rxh4 61.Rxg6 Kd4 62.Ra6 Ke5 63.Ra5+ Ke6 64.Ra6+ Ke5 65.g6 Rg4 66.Rb6 Rg1 
67.Kf2 Rg5 68.Kf3 1/2-1/2

[Event "FIDE-Wch k.o. (Women)"]
[Site "Elista RUS"]
[Date "2004.05.23"]
[Round "1.2"]
[White "Meenakshi, Subbaraman"]
[Black "Radziewicz, Iweta"]
[Result "0-1"]
[WhiteElo "2344"]
[BlackElo "2444"]
[EventDate "2004.05.22"]
[PlyCount "66"]

1.d4 e6 2.c4 b6 3.Nc3 Bb7 4.e4 Bb4 5.Bd3 f5 6.Qc2 Nf6 7.f3 fxe4 8.fxe4 e5 
9.dxe5 Ng4 10.Nf3 O-O 11.Bg5 Be7 12.Bxe7 Qxe7 13.Nd5 Bxd5 14.exd5 Na6 15.
O-O-O Nb4 16.Bxh7+ Kh8 17.Qg6 Rf4 18.Rd4 Rxd4 19.Nxd4 Qh4 20.g3 Qxh7 21.
Qxg4 Qd3 22.b3 Rf8 23.Rd1 Nxa2+ 24.Kb2 Qc3+ 25.Kb1 Qa5 26.Nf5 Rf7 27.Nxg7 
Nc3+ 28.Kc2 Nxd1 29.Qh5+ Kg8 30.b4 Qa2+ 31.Kd3 Qb3+ 32.Ke2 Qe3+ 33.Kxd1 
Rf1+ 0-1

[Event "FIDE-Wch k.o. (Women)"]
[Site "Elista RUS"]
[Date "2004.05.22"]
[Round "1.1"]
[White "Sergeeva, Maria"]
[Black "Kosteniuk, Alexandra"]
[Result "0-1"]
[WhiteElo "2319"]
[BlackElo "2469"]
[EventDate "2004.05.22"]
[PlyCount "62"]

1.e4 c5 2.Nf3 d6 3.d4 cxd4 4.Nxd4 Nf6 5.Nc3 Nc6 6.Bc4 e6 7.Be3 Be7 8.Qe2 
a6 9.O-O-O Qc7 10.Bb3 O-O 11.g4 Nxd4 12.Rxd4 Nd7 13.g5 Nc5 14.h4 Nxb3+ 15.
axb3 f5 16.exf5 Rxf5 17.Rf4 Qc6 18.Rd1 Rxf4 19.Bxf4 b5 20.h5 b4 21.Na4 e5 
22.Bd2 a5 23.Be3 Be6 24.Kb1 Rc8 25.Nb6 Rb8 26.Na4 Rc8 27.Nb6 Rc7 28.h6 d5 
29.Na4 d4 30.Bc1 Bf5 31.Qxe5 Qxc2+ 0-1

[Event "FIDE-Wch k.o. (Women)"]
[Site "Elista RUS"]
[Date "2004.05.23"]
[Round "1.2"]
[White "Kosteniuk, Alexandra"]
[Black "Sergeeva, Maria"]
[Result "1-0"]
[WhiteElo "2469"]
[BlackElo "2319"]
[EventDate "2004.05.22"]
[PlyCount "83"]

1.d4 Nf6 2.c4 g6 3.Nc3 Bg7 4.g3 O-O 5.Bg2 d6 6.Nf3 Nbd7 7.O-O e5 8.e4 exd4
9.Nxd4 Re8 10.h3 Nc5 11.Re1 h6 12.Kh2 a5 13.b3 a4 14.Rb1 axb3 15.axb3 Ne6 
16.Nde2 Ng5 17.Qd3 Nd7 18.g4 Ne5 19.Qg3 Ne6 20.f4 Nc6 21.Kh1 Ned4 22.Rd1 
Kh7 23.Be3 Nxe2 24.Nxe2 Qe7 25.Nd4 Ra2 26.Nb5 f5 27.Rd2 Ra5 28.Re2 Qf7 29.
exf5 gxf5 30.Rbe1 Ra1 31.Rxa1 Bxa1 32.Re1 Bg7 33.Bf3 fxg4 34.hxg4 Kh8 35.
Bd2 Rxe1+ 36.Qxe1 Nd4 37.Nxd4 Bxd4 38.Qh4 Kg7 39.Qd8 Qd7 40.Qh4 Qf7 41.f5 
Qf6 42.g5 1-0

[Event "FIDE-Wch k.o. (Women)"]
[Site "Elista RUS"]
[Date "2004.05.22"]
[Round "1.1"]
[White "Le Kieu Thien Kim"]
[Black "Hoang Thanh Trang"]
[Result "1/2-1/2"]
[WhiteElo "2341"]
[BlackElo "2447"]
[EventDate "2004.05.22"]
[PlyCount "90"]

1.e4 e6 2.d4 d5 3.exd5 exd5 4.Bd3 Nc6 5.c3 Bd6 6.Qf3 Nce7 7.Ne2 c6 8.O-O 
Nf6 9.h3 h6 10.Re1 Qc7 11.Na3 Bd7 12.c4 Bxa3 13.bxa3 dxc4 14.Bxc4 O-O-O 
15.Bf4 Qa5 16.Bh2 Qg5 17.Qb3 Ned5 18.Rab1 Nb6 19.a4 Ne4 20.Bf4 Qa5 21.Bxf7
g5 22.Be5 Rhf8 23.Bg6 Nd2 24.Qb4 Qxb4 25.Rxb4 Ndc4 26.Nc3 Bf5 27.Bh5 Rd7 
28.a5 Nxa5 29.Be2 Kd8 30.Rc1 Nd5 31.Nxd5 cxd5 32.Bb5 Rdf7 33.Bd6 Rg8 34.
Ra4 b6 35.Bb4 Nc4 36.Rxc4 dxc4 37.Bxc4 Rgg7 38.Bxf7 Rxf7 39.Bd6 Be6 40.Be5
a5 41.Ra3 Ra7 42.Bb8 Ra8 43.Be5 Ra7 44.Bb8 Ra8 45.Be5 Ra7 1/2-1/2

[Event "FIDE-Wch k.o. (Women)"]
[Site "Elista RUS"]
[Date "2004.05.23"]
[Round "1.2"]
[White "Hoang Thanh Trang"]
[Black "Le Kieu Thien Kim"]
[Result "1-0"]
[WhiteElo "2447"]
[BlackElo "2341"]
[EventDate "2004.05.22"]
[PlyCount "97"]

1.d4 d5 2.c4 c6 3.Nc3 Nf6 4.e3 g6 5.Nf3 Bg7 6.Be2 O-O 7.O-O Nbd7 8.cxd5 
cxd5 9.Qb3 e6 10.Bd2 Ne4 11.Rfc1 Nxd2 12.Nxd2 a6 13.Rc2 f5 14.Rac1 f4 15.
e4 Bxd4 16.exd5 Kh8 17.Nf3 Bg7 18.dxe6 Nc5 19.Qb4 Nxe6 20.Rd1 Qc7 21.Rcc1 
Qc5 22.Qxc5 Nxc5 23.Nd5 Ne4 24.Nb6 Rb8 25.Nd4 Re8 26.Bf3 Ng5 27.Bd5 Be6 
28.Nxe6 Nxe6 29.Nd7 Rbd8 30.Bxe6 Rxe6 31.Nc5 Rxd1+ 32.Rxd1 Re7 33.Rd8+ Bf8
34.Kf1 Kg7 35.Nd7 Rf7 36.Nxf8 Rxf8 37.Rxf8 Kxf8 38.Ke2 Ke7 39.Kf3 g5 40.
Kg4 Kf6 41.h4 h6 42.hxg5+ hxg5 43.Kh5 Kf5 44.g4+ fxg3 45.fxg3 b6 46.g4+ 
Kf4 47.b4 a5 48.bxa5 bxa5 49.a4 1-0

[Event "FIDE-Wch k.o. (Women)"]
[Site "Elista RUS"]
[Date "2004.05.22"]
[Round "1.1"]
[White "Kovalevskaya, Ekaterina"]
[Black "Lujan, Carolina"]
[Result "1-0"]
[WhiteElo "2467"]
[BlackElo "2319"]
[EventDate "2004.05.22"]
[PlyCount "73"]

1.e4 c5 2.Nc3 e6 3.f4 d5 4.Nf3 dxe4 5.Nxe4 Nc6 6.Bb5 Bd7 7.O-O Be7 8.d3 
Nf6 9.c3 O-O 10.Ba4 Qc7 11.Nxf6+ Bxf6 12.Ng5 h6 13.Ne4 Be7 14.Bc2 f5 15.
Nd2 e5 16.Nc4 Bf6 17.Qh5 Be6 18.Bb3 Rae8 19.fxe5 Nxe5 20.Bf4 b5 21.Nxe5 
Bxe5 22.Bxe5 Qxe5 23.Rae1 Qf6 24.Rxe6 Rxe6 25.Rxf5 c4 26.Rxf6 Rfxf6 27.h3 
cxb3 28.axb3 Rb6 29.d4 Rfd6 30.Qe8+ Kh7 31.d5 a5 32.Qe5 a4 33.bxa4 bxa4 
34.c4 Rg6 35.c5 Rb5 36.d6 Rb3 37.c6 1-0

[Event "FIDE-Wch k.o. (Women)"]
[Site "Elista RUS"]
[Date "2004.05.23"]
[Round "1.2"]
[White "Lujan, Carolina"]
[Black "Kovalevskaya, Ekaterina"]
[Result "0-1"]
[WhiteElo "2319"]
[BlackElo "2467"]
[EventDate "2004.05.22"]
[PlyCount "106"]

1.e4 c5 2.Nf3 d6 3.d4 cxd4 4.Nxd4 Nf6 5.Nc3 Nc6 6.g3 e5 7.Nde2 Be7 8.Bg2 
O-O 9.O-O a6 10.h3 b5 11.g4 Bb7 12.Ng3 Ne8 13.Nf5 g6 14.Nxe7+ Nxe7 15.Bh6 
Ng7 16.f4 f6 17.f5 b4 18.Nd5 Bxd5 19.exd5 Rf7 20.Be4 Kh8 21.Kh2 g5 22.Qd2 
Ng8 23.Bxg7+ Rxg7 24.Qxb4 Rb8 25.Qa3 Qb6 26.Rab1 h5 27.Rf3 Rc8 28.Qd3 Nh6 
29.Kg3 Rgc7 30.Qb3 Qd4 31.Qe3 Rxc2 32.h4 Qxe3 33.Rxe3 Nxg4 34.Rb3 Rc1 35.
Rb6 Rxb1 36.Bxb1 Rc1 37.Bd3 Rd1 38.Be2 Rxd5 39.Bxg4 Rd3+ 40.Kf2 hxg4 41.
hxg5 fxg5 42.Rxa6 Kg7 43.b4 Kf6 44.b5 Kxf5 45.Ra8 g3+ 46.Kg2 Kf4 47.Rf8+ 
Kg4 48.a4 Rd2+ 49.Kg1 Rb2 50.Rd8 e4 51.Rxd6 e3 52.Rd1 e2 53.Re1 Kf3 0-1

[Event "FIDE-Wch k.o. (Women)"]
[Site "Elista RUS"]
[Date "2004.05.22"]
[Round "1.1"]
[White "Skripchenko, Almira"]
[Black "Jackova, Jana"]
[Result "1/2-1/2"]
[WhiteElo "2456"]
[BlackElo "2331"]
[EventDate "2004.05.22"]
[PlyCount "90"]

1.e4 e5 2.Bc4 Nf6 3.d3 c6 4.Nf3 d5 5.Bb3 Bd6 6.Nc3 dxe4 7.Nxe4 Nxe4 8.dxe4
h6 9.Be3 O-O 10.Qd2 Qf6 11.O-O-O Bc7 12.Qc3 a5 13.a3 b5 14.Kb1 Na6 15.Nd2 
a4 16.Ba2 Be6 17.f3 Rfc8 18.Bxe6 Qxe6 19.Qd3 Rd8 20.Qe2 Bd6 21.c3 Rd7 22.
Rc1 Rad8 23.Rhd1 Bc5 24.Nf1 Qe7 25.g3 Kh7 26.Bxc5 Nxc5 27.Ne3 Nb3 28.Rxd7 
Rxd7 29.Rd1 Qd8 30.Kc2 Rxd1 31.Nxd1 Qg5 32.Ne3 h5 33.Qf2 h4 34.f4 hxg3 35.
hxg3 Qg6 36.Nf5 Qh5 37.Qg2 f6 38.g4 Qf7 39.fxe5 Nc5 40.Kb1 Qc4 41.exf6 
Qd3+ 42.Qc2 Qf1+ 43.Qc1 Qd3+ 44.Qc2 Qf1+ 45.Qc1 Qd3+ 1/2-1/2

[Event "FIDE-Wch k.o. (Women)"]
[Site "Elista RUS"]
[Date "2004.05.23"]
[Round "1.2"]
[White "Jackova, Jana"]
[Black "Skripchenko, Almira"]
[Result "1-0"]
[WhiteElo "2331"]
[BlackElo "2456"]
[EventDate "2004.05.22"]
[PlyCount "195"]

1.e4 c5 2.Nf3 e6 3.b3 a6 4.Bb2 Nc6 5.c4 Qc7 6.Nc3 Nf6 7.Be2 b6 8.O-O Bb7 
9.Re1 Bd6 10.h3 O-O 11.Bf1 Nd4 12.d3 Nxf3+ 13.Qxf3 Be5 14.Qe2 Rfe8 15.Kh1 
d6 16.a4 h6 17.Rad1 Rab8 18.Nb1 Bc6 19.Na3 Nd7 20.d4 Bxd4 21.Bxd4 cxd4 22.
Rxd4 Nc5 23.Qc2 e5 24.Rd2 Ne6 25.Qc3 a5 26.Nc2 g6 27.Qe3 Kg7 28.Be2 h5 29.
Bf3 Nc5 30.Na3 Qe7 31.Nb1 Ne6 32.Nc3 Nd4 33.Ne2 Ne6 34.Red1 Red8 35.Nc3 
Nc5 36.Ne2 Rd7 37.Kh2 Rf8 38.Ng3 h4 39.Ne2 Bb7 40.Kg1 Kh7 41.Rb1 Qd8 42.
Nc3 Bc6 43.Nd5 Kg7 44.Rbd1 f6 45.Rb1 Rff7 46.Bd1 Ra7 47.Bc2 Rfb7 48.Nc3 
Re7 49.Rbd1 Rad7 50.Qe2 Re8 51.Nd5 Bxd5 52.cxd5 Rf7 53.Qg4 Rh8 54.Rb1 Rh5 
55.Qe2 Rg5 56.Bd3 f5 57.Rc2 Qd7 58.Kh2 Qd8 59.Rc4 Qf6 60.f3 Rg3 61.Kh1 Qg5
62.Bc2 Qd8 63.b4 axb4 64.Rcxb4 fxe4 65.Bxe4 Qd7 66.Rxb6 Nxa4 67.Rb7 Qxb7 
68.Rxb7 Rxb7 69.Qa6 Rb2 70.Qxa4 Rbxg2 71.f4 Re2 72.Qc4 Re1+ 73.Kh2 exf4 
74.Bg2 Re7 75.Qd4+ Kg8 76.Bf1 g5 77.Qf6 Re1 78.Bd3 Ree3 79.Qg6+ Kf8 80.
Qxd6+ Kg8 81.Qd8+ Kg7 82.Qd7+ Kf8 83.Bf1 Ref3 84.Bc4 g4 85.Qf5+ Ke8 86.
Qc8+ Kf7 87.d6+ Kf6 88.Qh8+ Kf5 89.hxg4+ Ke4 90.Qxh4 Kd4 91.Ba6 Rf2+ 92.
Kh1 Rff3 93.Kh2 Rf2+ 94.Kh1 Rfg2 95.Qf6+ Kc5 96.Qe5+ Kc6 97.Qe4+ Kxd6 98.
Qxg2 1-0

[Event "FIDE-Wch k.o. (Women)"]
[Site "Elista RUS"]
[Date "2004.05.22"]
[Round "1.1"]
[White "Zhukova, Natalia"]
[Black "Petrenko, Svetlana"]
[Result "1/2-1/2"]
[WhiteElo "2471"]
[BlackElo "2313"]
[EventDate "2004.05.22"]
[PlyCount "69"]

1.d4 Nf6 2.c4 g6 3.Nc3 d5 4.cxd5 Nxd5 5.e4 Nxc3 6.bxc3 Bg7 7.Bc4 c5 8.Ne2 
Nc6 9.Be3 O-O 10.O-O Bd7 11.Rb1 cxd4 12.cxd4 Rc8 13.Bd3 b6 14.Ba6 Rc7 15.
d5 Ne5 16.Bd4 Bc8 17.Bb5 Qd6 18.f4 Ng4 19.h3 Nh6 20.Bxg7 Kxg7 21.Qd4+ Kg8 
22.Rfc1 Rc5 23.Rxc5 bxc5 24.Qc4 Bb7 25.Qa4 e6 26.Qxa7 Ba8 27.Bc4 exd5 28.
exd5 Nf5 29.Rb6 Qd8 30.Rb1 Nd6 31.Qxc5 Nxc4 32.Qxc4 Bxd5 33.Qc5 Bxa2 34.
Ra1 Qd5 35.Qxd5 1/2-1/2